000 00843nam a2200265Ia 4500
003 OSt
005 20221005042657.0
006 a|||||r|||| 00| 0
007 ta
008 221004b |||||||| |||| 00| 0 eng d
020 _a9781402044847 (hbk)
_c7831.14
024 _a87149
037 _b22552, 12/03/2007, Segment Book Distributors
_cTextual
040 _aCRL
_cCRL
_beng
041 _2eng
_aeng
082 _aP:4, P6
100 _aVan Geenhoven Veerle Ed.
_922948
245 0 _aSemantics in acquisition
260 _aDordrecht
_bSpringer The Netherlands
_c2006
300 _aviii,355p.
_ccm.
490 _aStidies in theorotical psycholinguistics; vol 35
650 _aLINGUISTICS
942 _hP:4, P6
_cTEXL
_2cc
999 _c950639
_d950639